000 00428nam a2200181Ia 4500
005 20250603145009.0
008 250603s9999 xx 000 0 und d
020 _a978818975715
050 _aQA 76.6 .P36/
100 _aPandey, Adesh K.
245 0 _aFundamentals of compiler design
260 _aNew Delhi
260 _bS. K. Kataria & Sons
260 _c2015
300 _a445 p
650 _aNew Delhi
942 _cBK
999 _c40563
_d40563